00757nam a2200181 i 4500001000700000003000900007005001700016007000300033008004100036110008300077245008900160260007500249300003700324650004000361852002700401999001900428952012800447188833ES-MaACL20230906223320.0t|190218s1964 xxk ||||1| spa d2 aGran Bretaña. bCentral Office of Information. bReference Division.916634214aLas nuevas ciudades de Gran Bretaña / c[Servicios Británicos de Información]. aLondon : bReference Division, Central Office of Information, c[1964] a17 p., [4] p. de fot. ; c24 cm. 4aUrbanismo-zGran Bretaña.9166352 aES-MaACLjP-420-Bis-15 c188833d188833 00104070aATENEOMbATENEOMcDEPO2d2019-02-18eDONl0oP-420-Bis-15p1199968r2023-02-23 00:00:00w2023-02-23yMONOGRAFIA